Revista Mexicana de Justicia : nueva época : número 4 /
Salvato in:
| Ente Autore: | |
|---|---|
| Altri autori: | |
| Natura: | Libro |
| Lingua: | spagnolo |
| Pubblicazione: |
México :
Procuraduría General de la República,
1998, c1998
|
| Soggetti: | |
| Tags: |
Nessun Tag, puoi essere il primo ad aggiungerne!!
|
MARC
| LEADER | 00000nam^a2200000^a^4500 | ||
|---|---|---|---|
| 001 | 000630359 | ||
| 005 | 20260410000000.0 | ||
| 009 | 20260410195519.308 | ||
| 022 | |a 0186-3878 | ||
| 037 | |a Acervo ITESO - Biblioteca | ||
| 041 | |a ESP | ||
| 082 | |a 340. 05 |b PGR RMJ S. 2 V. 4 | ||
| 110 | |a México. |b Procuraduría General de la República | ||
| 240 | 1 | 1 | |a [Revista Mexicana de Justicia] |
| 245 | 1 | 0 | |a Revista Mexicana de Justicia : |b nueva época : número 4 / |c PGR ; ed. de A. González Morales... [et al.]. |
| 264 | 4 | |a México : |b Procuraduría General de la República, |c 1998, c1998 | |
| 300 | |a 176 p. | ||
| 336 | |a texto |b txt |2 rdacontenido | ||
| 337 | |a sin mediación |b n |2 rdamedio | ||
| 338 | |a volumen |b nc |2 rdasoporte | ||
| 567 | |a Catalogación rápida | ||
| 649 | |a XX | ||
| 650 | |a Mujeres - |z México - |x Condiciones Jurídicas | ||
| 650 | |a Procuraduría General de la República - |z México - |x Publicaciones Periódicas - |x Tema Principal | ||
| 650 | |a Justicia e Injusticia - |x México - |x Publicaciones Periódicas | ||
| 650 | |a Justicia - |x Administración - |z México - |x Publicaciones Periódicas - |x Tema Principal | ||
| 650 | |a Derecho - |x Publicaciones Periódicas Mexicanas | ||
| 650 | |a Publicaciones Periódicas Mexicanas | ||
| 650 | |a Publicaciones Periódicas | ||
| 700 | |a González Morales, Angel |e (edición) | ||
| 910 | |a Fondo Castillo-Martínez | ||
| 920 | |a Impresos - Libros | ||
| 930 | |a Fondos Especiales | ||
| 905 | |a 127 | ||
| 901 | |a 630359-10 |b IT2 |c ESP |i D125330 |u 20260410 | ||
| 902 | |a https://opac.biblio.iteso.mx/vufind/Record/000630359 | ||